书目信息 |
| 题名: |
湖泊与水库富营养化防治的理论与实践
|
|
| 作者: | ;刘建康 译 ;联合国环境规划署国际环境技术中心 编 | |
| 分册: | ||
| 出版信息: | 北京 科学出版社 2003 |
|
| 页数: | 111页 | |
| 开本: | 21cm | |
| 丛书名: | ||
| 单 册: | ||
| 中图分类: | X524 | |
| 科图分类: | ||
| 主题词: | 湖泊--富营养化--污染防治--研究 , 湖泊 , 污染防治 , 富营养化 | |
| 电子资源: | ||
| ISBN: | 7-03-011156-7 | |
| 000 | 01191nam0 2200301 450 | |
| 000 | 01198nam0 2200301 450 | |
| 000 | 01131nam0 2200277 450 | |
| 000 | 01094nam0 2200265 45 | |
| 005 | 20070525112744.93 | |
| 010 | @a7-03-011156-7@dCNY12.50 | |
| 100 | @a20070418d2003 em y0chiy0120 ea | |
| 101 | 0 | @achi |
| 102 | @aCN@b110000 | |
| 105 | @aa z 000yy | |
| 200 | 1 | @a湖泊与水库富营养化防治的理论与实践@AHu Bo Yu Shui Ku Fu Ying Yang Hua Fang Zhi De Li Lun Yu Shi Jian@f联合国环境规划署国际环境技术中心[编]@FLian He Guo Huan Jing Gui Hua Shu Guo Ji Huan Jing Ji Shu Zhong Xin [ Bian ]@g刘建康译 |
| 210 | @a北京@c科学出版社@d2003 | |
| 215 | @a111页@c照片@d21cm | |
| 300 | @a中国科学院科学出版基金资助出版 | |
| 330 | @a本书通过对富营养化的起源、后果、解决办法和预后的综合考虑,讨论了湖泊和水库的富营养化问题。 | |
| 606 | 0 | @a湖泊@x富营养化@x污染防治@x研究 |
| 606 | 0 | @a湖泊 |
| 606 | 0 | @a污染防治 |
| 606 | 0 | @a富营养化 |
| 690 | @aX524@v4 | |
| 702 | 0 | @a刘建康@ALiu Jian Kang@f(1917~)@4译 |
| 711 | 02 | @a联合国环境规划署国际环境技术中心@ALian He Guo Huan Jing Gui Hua Shu Guo Ji Huan Jing Ji Shu Zhong Xin@4编 |
| 801 | 0 | @aCN@bTAOJIN@c20070525 |
| 905 | @a10447@dX524@e50 | |
| 湖泊与水库富营养化防治的理论与实践/联合国环境规划署国际环境技术中心[编]/刘建康译.-北京:科学出版社,2003 |
| 111页:照片;21cm |
| 中国科学院科学出版基金资助出版 |
| ISBN 7-03-011156-7:CNY12.50 |
| 本书通过对富营养化的起源、后果、解决办法和预后的综合考虑,讨论了湖泊和水库的富营养化问题。 |
| ● |
| 相关链接 |
|
|
|
|
正题名:湖泊与水库富营养化防治的理论与实践
索取号:X524/50
 
预约/预借
| 序号 | 登录号 | 条形码 | 馆藏地/架位号 | 状态 | 备注 |
| 1 | 0522491 | 205224915 | 第二样本阅览室/ [索取号:X524/50] | 在馆 | |
| 2 | 0522492 | 205224924 | 第三借阅区/ [索取号:X524/50] | 在馆 | |
| 3 | 0522493 | 205224933 | 第三借阅区/ [索取号:X524/50] | 在馆 | |
| 4 | 0522494 | 205224942 | 第三借阅区/ [索取号:X524/50] | 在馆 |